Central Library OPAC University of Rajshahi

Reports of cases argued and adjudged in the Superior Court of Judicature of the Province of Massachusetts Bay, between 1761 and 1772, / (Record no. 9825)

MARC details
000 -LEADER
fixed length control field 01420cam a2200301 4500
001 - CONTROL NUMBER
control field 9825
003 - CONTROL NUMBER IDENTIFIER
rucl marc code BD-RjUL
005 - DATE AND TIME OF LATEST TRANSACTION
control field 20211208234838.0
008 - FIXED-LENGTH DATA ELEMENTS--GENERAL INFORMATION
fixed length control field 140122r19691865nyu 000 0 eng
035 ## - SYSTEM CONTROL NUMBER
System control number (BD-RjUL)9870
040 ## - CATALOGING SOURCE
Original cataloging agency DLC
Transcribing agency DLC
Modifying agency DLC
-- BD-RjUL
Language of cataloging eng
041 ## - LANGUAGE CODE
Language code of text/sound track or separate title eng
082 00 - DEWEY DECIMAL CLASSIFICATION NUMBER
Classification number 345.52
Author mark and year MAR 1969
110 1# - MAIN ENTRY--CORPORATE NAME
Corporate name or jurisdiction name as entry element Massachusetts.
Subordinate unit Superior Court of Judicature.
9 (RLIN) 30362
245 00 - TITLE STATEMENT
Title Reports of cases argued and adjudged in the Superior Court of Judicature of the Province of Massachusetts Bay, between 1761 and 1772, /
Statement of responsibility, etc. by Josiah Quincy, Junior. Printed from his original manuscript in the possession of his son, Josiah Quincy, and edited by his greatgrandson, Samuel M. Quincy ... With an appendix upon the writs of assistance.
260 ## - PUBLICATION, DISTRIBUTION, ETC. (IMPRINT)
Place of publication, distribution, etc. New York :
Name of publisher, distributor, etc. Russell & Russell ,
Date of publication, distribution, etc. 1969
300 ## - PHYSICAL DESCRIPTION
Pagination 606 p. ;
Size 22 cm.
500 ## - GENERAL NOTE
General note "First published in 1865."
General note "The notes and appendix to the celebrated case of the 'Writs of assistance,' and the notes relating to slavery in Massachusetts and in England are the work of Horace Gray, Jr."
650 #0 - SUBJECT ADDED ENTRY--TOPICAL TERM
Topical term or geographic name as entry element Law reports, digests, etc.
Geographic subdivision Massachusetts.
9 (RLIN) 30357
Topical term or geographic name as entry element Writs of assistance.
9 (RLIN) 30358
700 1# - ADDED ENTRY--PERSONAL NAME
Personal name Quincy, Josiah,
Dates associated with a name 1744-1775.
Personal name Quincy, Samuel M.
Fuller form of name (Samuel Miller),
Dates associated with a name 1833-1887.
Personal name Gray, Horace,
Dates associated with a name 1828-1902.
942 ## - ADDED ENTRY ELEMENTS (KOHA)
Source of classification or shelving scheme Dewey Decimal Classification
Koha item type Books
Holdings
Lost status Source of classification or shelving scheme Damaged status Not for loan Collection code Permanent Location Current Location Shelving location Date acquired Source of acquisition Total Checkouts Full call number Date last seen Copy number Koha item type
  Dewey Decimal Classification   Not For Loan Non-fiction Central Library, University of Rajshahi Central Library, University of Rajshahi Reading Room 19/09/1985 Asia foundation   345.52 MAR 1969 22/01/2014 C-1 Books
  Dewey Decimal Classification     Non-fiction Central Library, University of Rajshahi Central Library, University of Rajshahi   07/09/1985     345.52 MAR 1969 30/07/2016 C-2 Books